[Event "Kuopio op"]
[Site "Kuopio"]
[Date "1996.??.??"]
[Round "5"]
[White "Houtsonen, Pedri"]
[Black "Turunen, Pekka"]
[Result "1/2-1/2"]
[WhiteElo "2125"]
[BlackElo "2255"]

1.e4 c5 2.Nf3 d6 3.d4 cxd4 4.Nxd4 Nf6 5.Nc3 a6 6.Be3 e5 7.Nb3 Be6 8.f4 Qc7
9.f5 Bc4 10.Bxc4 Qxc4 11.Qd3 Qc7 12.O-O-O Nc6 13.g4 Nb4 14.Qe2 d5 15.exd5 Rc8
16.a3 Nxc2 17.Kxc2 Bxa3 18.Bd4 Bd6 19.Bxe5 O-O 20.Bxd6 Qxd6 21.Qf3 b5 22.Kb1 Qb4
23.Na2 Qxg4 24.Qxg4 Nxg4 25.Rd4 Ne3 26.f6 Rfd8 27.Nc3 Rc4 28.Rd3 Ng4 29.Na5 Rf4
30.Nc6 Rd7 31.Ne7+ Kf8 32.fxg7+ Kxg7 33.Rg1 Kf6 34.Ng8+ Kf5 35.h3 Ne5 36.Nh6+ Kf6
37.Ng8+ Kf5 38.Nh6+ Kf6 39.Rdg3 Nf3 40.Ng4+ Ke7 41.Rd1 h5 42.Rxf3 Rxf3 43.Ne5 Rxh3
44.Nxd7 Kxd7 45.d6 Re3 46.Nd5 Re6  1/2-1/2

[Event "La Coruna op"]
[Site "La Coruna"]
[Date "1996.??.??"]
[Round "?"]
[White "Baron Rodriguez, Jesus"]
[Black "Nedobora, Mikhail"]
[Result "1/2-1/2"]
[WhiteElo "2270"]
[BlackElo "2465"]

1.e4 c5 2.Nf3 d6 3.d4 cxd4 4.Nxd4 Nf6 5.Nc3 a6 6.Be3 e6 7.Be2 Nc6 8.O-O Be7
9.f4 Qc7 10.Qe1 O-O 11.Qg3 Nxd4 12.Bxd4 b5 13.a3 Bb7 14.Kh1 Bc6 15.Rae1 Qb7
16.Bd3 g6 17.f5 e5 18.Be3 Kh8 19.Bg5 Nh5 20.Qh4 Bxg5 21.Qxg5 f6 22.Qh4 Qf7
23.fxg6 Qxg6 24.Be2 Nf4 25.Bf3 Ne6 26.Bg4 Nd4 27.Bf5 Qg7 28.Re3 Qe7 29.Rh3 Nxf5
30.Rxf5 Rf7 31.Rhf3 Raf8 32.h3 Qd8 33.Rd3 Bd7 34.Rf1 Be6 35.Nd5  1/2-1/2

[Event "CUB-ch"]
[Site "Las Tunas"]
[Date "1996.??.??"]
[Round "1"]
[White "Rodriguez, Amador"]
[Black "Leyva, Ricardo"]
[Result "1-0"]
[WhiteElo "2510"]
[BlackElo "2370"]

1.e4 c5 2.Nf3 d6 3.d4 cxd4 4.Nxd4 Nf6 5.Nc3 a6 6.Be3 e6 7.f4 Qc7 8.a4 Nc6
9.Bd3 Be7 10.Qf3 O-O 11.O-O Re8 12.g4 b6 13.g5 Nd7 14.Qh3 Nb4 15.Rad1 Bf8
16.Nf3 Nc5 17.e5 Ncxd3 18.cxd3 Bb7 19.Ne4 dxe5 20.Nxe5 Bxe4 21.dxe4 Rad8
22.Qf3 b5 23.axb5 axb5 24.Rc1 Qb7 25.Rfd1 Qa8 26.Ra1 Rxd1+ 27.Rxd1 Rc8 28.Rd2 Qa1+
29.Kg2 Nc2 30.Bf2 Qxb2 31.Qd3 Qc3 32.Qxc3 Rxc3 33.Rd8 f6 34.Nd7 Kf7 35.Rxf8+ Ke7
36.Rg8 Kxd7 37.Rxg7+ Ke8 38.gxf6 b4 39.Rxh7 Rc4 40.e5 b3 41.f5  1-0

[Event "CUB-ch"]
[Site "Las Tunas"]
[Date "1996.??.??"]
[Round "6"]
[White "Leyva, Ricardo"]
[Black "Herrera, Irisberto"]
[Result "1-0"]
[WhiteElo "2370"]
[BlackElo "2475"]

1.e4 c5 2.Nf3 d6 3.d4 cxd4 4.Nxd4 Nf6 5.Nc3 a6 6.Be3 e5 7.Nb3 Be7 8.f3 Be6
9.Qd2 O-O 10.O-O-O a5 11.Kb1 a4 12.Nc1 Nbd7 13.a3 Qa5 14.g4 Rfc8 15.N1a2 Nb6
16.g5 Nfd7 17.Nb4 Bf8 18.h4 Bc4 19.Bh3 Be6 20.Qe1 Nc4 21.Bc1 Nc5 22.h5 b5
23.g6 fxg6 24.hxg6 h6 25.Ncd5 Bxh3 26.Rxh3 Ra7 27.Qh1 Qd8 28.Rg1 Ne6 29.Qg2 Nd4
30.Bg5 Qa5 31.Bxh6 gxh6 32.Nf6+ Kg7 33.Rxh6 Nd2+ 34.Qxd2 Nxf3 35.Rh7+ Kxf6
36.Nd5+ Ke6 37.Qxa5 Rxa5 38.g7 Bxg7 39.Rgxg7 Nd2+ 40.Ka2 Nxe4 41.Ne3 Rf8
42.Re7+ Kf6 43.Nd5+ Kf5 44.Rh5+ Kg4 45.Rh1 Nf2 46.Rg7+ Kf5 47.Rf1 Ke4 48.Nc3+ Kf3
49.Nd1 Ke2 50.Rgg1 Raa8 51.Re1+ Kd2 52.Nc3 Kxc2 53.Rg3 Rg8 54.Rge3 Rg2 55.R1e2+ Kc1
56.Ka1 Nd1 57.Na2+  1-0

[Event "Lazne Bohdanec"]
[Site "Lazne Bohdanec"]
[Date "1996.??.??"]
[Round "8"]
[White "Kaminski, Marcin"]
[Black "Neverov, Valeriy"]
[Result "1-0"]
[WhiteElo "2525"]
[BlackElo "2515"]

1.e4 c5 2.Nf3 d6 3.d4 cxd4 4.Nxd4 Nf6 5.Nc3 a6 6.Be3 e5 7.Nb3 Be6 8.f4 Qc7
9.f5 Bc4 10.Bxc4 Qxc4 11.Qf3 Nbd7 12.Nd2 Qc7 13.O-O-O Rc8 14.Kb1 b5 15.Rc1 Qb7
16.Nd5 Nxd5 17.exd5 Be7 18.g4 h6 19.h4 Nf6 20.Ne4 Rc4 21.Nxf6+ Bxf6 22.g5 e4
23.Qg2 Be5 24.gxh6 Qxd5 25.hxg7 Rg8 26.Rcd1 Qc6 27.Qd2 Rxg7 28.h5 Rg3 29.h6 Rxe3
30.Qxe3 Rxc2 31.Rd2 Rxd2 32.Qxd2 e3 33.Qc1 Qe4+ 34.Ka1 Kd7 35.Qe1 Bd4 36.h7 Qxf5
37.Qxe3 Bxe3 38.h8=Q Qe6 39.Rh2 d5 40.Rc2  1-0

[Event "Wch U26"]
[Site "Leon"]
[Date "1996.??.??"]
[Round "2"]
[White "Smolovic, Mile"]
[Black "San Segundo, Pablo"]
[Result "0-1"]
[WhiteElo "2350"]
[BlackElo "2505"]

1.e4 c5 2.Nf3 d6 3.d4 cxd4 4.Nxd4 Nf6 5.Nc3 a6 6.Be3 e5 7.Nf3 Be7 8.Bc4 O-O
9.O-O Be6 10.Bb3 b5 11.Qe2 h6 12.Rfd1 Nbd7 13.a3 Qe8 14.h3 Rc8 15.Nh2 Nc5
16.Bxc5 dxc5 17.Bd5 b4 18.Bxe6 fxe6 19.Nb1 Qb5 20.Qxb5 axb5 21.Nd2 bxa3 22.bxa3 c4
23.Re1 Bd8 24.Rab1 Ba5 25.Nhf3 Rc5 26.Re3 Rd8 27.c3 Nd7 28.Ne1 Nb6 29.Ndf3 Na4
30.Rc1 Nb2 31.Re2 Rd1 32.Rec2 Rxc1 33.Rxc1 Na4 34.Kf1 Nxc3 35.Nd2 Na4 36.Ke2 Bc3
37.Nef3 Bb2 38.Rc2 Bxa3 39.Nb1 Bb2 40.Nfd2 Bd4 41.Na3 Nc3+ 42.Ke1 Rc8  0-1

[Event "Leon University tt (Women)"]
[Site "Leon"]
[Date "1996.??.??"]
[Round "2"]
[White "Batceceg, Cagaan"]
[Black "Wang Pin"]
[Result "1-0"]
[WhiteElo "2195"]
[BlackElo "2345"]

1.e4 c5 2.Nf3 d6 3.d4 cxd4 4.Nxd4 Nf6 5.Nc3 a6 6.Be3 e6 7.Qd2 Be7 8.f3 Nc6
9.O-O-O O-O 10.Kb1 d5 11.Qf2 e5 12.Nb3 d4 13.Bc1 Be6 14.f4 Qc7 15.Nd5 Nxd5
16.exd5 Bxd5 17.fxe5 Bxb3 18.cxb3 Qxe5 19.Bd3 Rad8 20.Rhe1 Qh5 21.g4 Qxg4
22.Rg1 Qh4 23.Qe2 Rfe8 24.Rdf1 Bf8 25.Qg2 Ne5 26.Qxb7 Nxd3 27.Bg5 Re7 28.Bxh4 Rxb7
29.Bxd8 Rd7 30.Bf6 Kh8 31.Rd1 gxf6 32.Rxd3 Rd8 33.a3 a5 34.Rf1 Kg7 35.Rg3+ Kh8
36.Kc2 Bd6 37.Rgf3 Bxh2 38.Rxf6 d3+ 39.Kd2 Be5 40.Rxf7 Bg7 41.Rh1 Kg8 42.Ra7 Bxb2  1-0

[Event "Wch U26"]
[Site "Leon"]
[Date "1996.??.??"]
[Round "4"]
[White "Dgebuadze, Alexandre"]
[Black "Nordahl, Helge"]
[Result "1-0"]
[WhiteElo "2425"]
[BlackElo "2255"]

1.e4 c5 2.Nf3 d6 3.d4 cxd4 4.Nxd4 Nf6 5.Nc3 a6 6.Be3 e5 7.Nb3 Be7 8.f3 Be6
9.Qd2 O-O 10.O-O-O a5 11.Bb5 Nc6 12.Kb1 Ne8 13.g4 Qb8 14.Nd5 Bd8 15.Nb6 Bxb6
16.Bxb6 a4 17.Nc1 a3 18.b3 Nc7 19.Bxc6 bxc6 20.Bxc7 Qxc7 21.Qxd6 Qa5 22.Nd3 h5
23.Qxe5 hxg4 24.f4 Rfe8 25.Qxa5 Rxa5 26.Ne5 Rc5 27.c4 f6 28.Nd3 Rh5 29.Kc2 Kf7
30.Kc3 Reh8 31.f5 Bc8 32.Nf4 Rxh2 33.Rxh2 Rxh2 34.Rd8 Rf2 35.Ng6 Bxf5 36.exf5 Rxf5
37.Nh4 Rh5 38.Ng2 Rh2 39.Rd2 g5 40.b4 f5 41.b5 cxb5 42.cxb5 f4 43.Nxf4 g3
44.Ng2 Rh1 45.Ne3 Ke6 46.Rg2 Ke5 47.b6 Kf4 48.b7 Rh8 49.Kd4 Rb8 50.Rg1 Rd8+
51.Kc5 Kxe3 52.Rxg3+ Kf4 53.Rxa3  1-0

[Event "Anibal op 3rd"]
[Site "Linares"]
[Date "1996.??.??"]
[Round "?"]
[White "Ramesh, RB."]
[Black "Rojas Franco, Miguel"]
[Result "1-0"]
[WhiteElo "2415"]
[BlackElo "2210"]

1.e4 c5 2.Nf3 d6 3.d4 cxd4 4.Nxd4 Nf6 5.Nc3 a6 6.Be3 e6 7.f3 Be7 8.Qd2 O-O
9.g4 Nc6 10.O-O-O Nxd4 11.Bxd4 b5 12.Kb1 Bb7 13.g5 Ne8 14.Rg1 Qc7 15.h4 Rd8
16.h5 d5 17.e5 g6 18.Bd3 Ng7 19.Rh1 Bc5 20.Bxc5 Qxc5 21.hxg6 fxg6 22.Rxh7 Kxh7
23.Qh2+ Kg8 24.Bxg6 Rf7 25.Qh7+ Kf8 26.Bxf7 Kxf7 27.g6+ Ke8 28.Qxg7 Qe7 29.Qh8+ Kd7
30.g7 Qf7 31.Ne4  1-0

[Event "SWE-ch"]
[Site "Linkoping"]
[Date "1996.??.??"]
[Round "6"]
[White "Lindberg, Bengt"]
[Black "Astrom, Robert"]
[Result "0-1"]
[WhiteElo "2355"]
[BlackElo "2425"]

1.e4 c5 2.Nf3 d6 3.d4 cxd4 4.Nxd4 Nf6 5.Nc3 a6 6.Be3 e5 7.Nb3 Be6 8.h3 Nbd7
9.g4 h6 10.Qf3 Rc8 11.O-O-O Be7 12.Bd3 Nb6 13.Bxb6 Qxb6 14.Nd5 Nxd5 15.exd5 Bg5+
16.Kb1 Bd7 17.Nd2 Bxd2 18.Rxd2 O-O 19.Rg1 Qb4 20.Re2 Qf4 21.Qg2 Bb5 22.Rd1 Bxd3
23.Rxd3 Rc4 24.b3 Rd4 25.Ree3 Rc8 26.Qf3 b5 27.Kb2 b4 28.Qxf4 Rxf4 29.f3 Rc5
30.Re4 g5 31.c4 bxc3+ 32.Kc2 a5 33.a3 Kg7 34.Rxf4 gxf4 35.Rxc3 Rxd5 36.b4 axb4
37.axb4 Kf6 38.h4 Rb5 39.Kb3 e4 40.fxe4 Rb7 41.Rd3 Ke5 42.Rd5+ Kxe4 43.Rxd6 f3
44.Rf6 Ke3 45.Kc4 f2 46.b5 Ke2 47.Kc5 f1=Q 48.Rxf1 Kxf1 49.h5 f6 50.Kc6 Rg7
51.b6 Rxg4 52.b7 Rb4  0-1

[Event "Lippstadt"]
[Site "Lippstadt"]
[Date "1996.??.??"]
[Round "5"]
[White "Luther, Thomas"]
[Black "Touzane, Olivier"]
[Result "1-0"]
[WhiteElo "2495"]
[BlackElo "2495"]

1.e4 c5 2.Nf3 d6 3.d4 cxd4 4.Nxd4 Nf6 5.Nc3 a6 6.Be3 e6 7.f3 Be7 8.Qd2 Nc6
9.O-O-O Qc7 10.g4 h6 11.h4 Ne5 12.Be2 b5 13.g5 hxg5 14.hxg5 Rxh1 15.Rxh1 Nfd7
16.f4 Nc4 17.Bxc4 Qxc4 18.b3 Qc7 19.g6 Nf8 20.gxf7+ Kxf7 21.f5 b4 22.fxe6+ Bxe6
23.Nd5 Bxd5 24.exd5 Qc3 25.Qxc3 bxc3 26.Nf5 Nd7 27.Nxe7 Kxe7 28.Bd4 Rg8 29.Bxc3 Nb6
30.Rd1 g5 31.Be1 Nd7 32.Bg3 Nf6 33.Re1+ Kd7 34.Re6 Ne8 35.c4 Rf8 36.Rg6 Rf5
37.Kb2 Ke7 38.Re6+ Kd7 39.Rg6 Ke7 40.Re6+ Kd7 41.a4 Rf3 42.Be1 g4 43.Rg6 Nf6
44.Bh4 Ne4 45.Rxg4 Re3 46.Rg7+ Kc8 47.Re7 a5 48.Ka3 Re2 49.Bf6 Kb8 50.Bd4  1-0

[Event "RL-ch"]
[Site "Ludwigshafen"]
[Date "1996.??.??"]
[Round "?"]
[White "Wagner, H."]
[Black "Puth, Dieter"]
[Result "0-1"]
[WhiteElo "2110"]
[BlackElo "2165"]

1.e4 c5 2.Nf3 d6 3.d4 cxd4 4.Nxd4 Nf6 5.Nc3 a6 6.Be3 Ng4 7.Bg5 h6 8.Bh4 g5
9.Bg3 h5 10.h4 gxh4 11.Rxh4 Bg7 12.Be2 Nc6 13.Nb3 Nce5 14.Qd5 Qc7 15.O-O-O Be6
16.Qd4 Kf8 17.Nd5 Bxd5 18.Qxd5 Nf6 19.Qd4 Ng6 20.Rh3 h4 21.Bh2 Ng4 22.Qd5 Nxh2
23.Rxh2 Rc8 24.c3 Nf4 25.Qd2 Nxe2+ 26.Qxe2 d5 27.Rh3 Qf4+ 28.Qe3 Qxe3+ 29.fxe3 dxe4
30.Rdh1 f5 31.g4 fxg4 32.Rxh4 Rxh4 33.Rxh4 g3 34.Rxe4 Kf7 35.Rg4 Be5 36.Nd2 Bd6
37.Kd1 Rh8 38.Ne4 Rh1+ 39.Ke2 Rh2+ 40.Kf3 Rxb2 41.a4 Rb3 42.Nxd6+ exd6 43.Rc4 Ke6
44.Rc7 d5 45.Kxg3 Kd6 46.Rh7 Kc6 47.Rh8 b6 48.Kf4 Ra3 49.Ke5 Rxa4 50.Rc8+ Kd7
51.Rh8 Kc6 52.Rc8+ Kb7 53.Rh8 Rc4 54.Rh7+ Kc6 55.Rh6+ Kc5 56.Rh7 Re4+  0-1

[Event "Makarska"]
[Site "Makarska"]
[Date "1996.??.??"]
[Round "4"]
[White "Marciano, David"]
[Black "Palac, Mladen"]
[Result "1/2-1/2"]
[WhiteElo "2495"]
[BlackElo "2545"]

1.e4 c5 2.Nf3 d6 3.d4 cxd4 4.Nxd4 Nf6 5.Nc3 a6 6.Be3 e6 7.g4 h6 8.f3 Nc6
9.Qd2 d5 10.exd5 Nxd5 11.Nxd5 Qxd5 12.Nxc6 bxc6 13.O-O-O Be7 14.Qc3 Qxf3
15.Be2 Qxe3+ 16.Qxe3 Bg5 17.Qxg5 hxg5 18.Rd6  1/2-1/2

[Event "Manresa op"]
[Site "Manresa"]
[Date "1996.??.??"]
[Round "1"]
[White "De la Riva Aguado, Oscar"]
[Black "Vals, A."]
[Result "1-0"]
[WhiteElo "2490"]
[BlackElo "2015"]

1.e4 c5 2.Nf3 d6 3.d4 cxd4 4.Nxd4 Nf6 5.Nc3 a6 6.Be3 e6 7.Qd2 Be7 8.f3 Qc7
9.O-O-O Nc6 10.g4 b5 11.Nxc6 Qxc6 12.Ne2 Bb7 13.h4 Qc4 14.Kb1 Qc7 15.Nd4 d5
16.e5 Nd7 17.f4 Nb6 18.b3 b4 19.f5 Bc8 20.Qf2 Rb8 21.Bd3 Bd7 22.Rhf1 Kd8
23.Rde1 Kc8 24.fxe6 fxe6 25.Qf7 Bxh4 26.Bxa6+ Kd8 27.Qxg7 Re8 28.Bg5+  1-0

[Event "SVK-ch"]
[Site "Martin"]
[Date "1996.??.??"]
[Round "6"]
[White "Kalisky, Vladimir"]
[Black "Mihalik, Marek"]
[Result "1-0"]
[WhiteElo "2270"]
[BlackElo "2120"]

1.e4 c5 2.Nf3 d6 3.d4 cxd4 4.Nxd4 Nf6 5.Nc3 a6 6.Be3 e5 7.Nb3 Be7 8.Qd2 Be6
9.f3 d5 10.exd5 Nxd5 11.Nxd5 Bxd5 12.O-O-O Bc6 13.Qa5 Nd7 14.Qxd8+ Bxd8 15.Bd3 Rc8
16.Rhe1 f6 17.Re2 b5 18.Red2 Bb6 19.Bxb6 Nxb6 20.Bf5 Rb8 21.Rd6 Bd5 22.R1xd5 Nxd5
23.Rxd5 O-O 24.Nc5 Ra8 25.Rd7 Rfd8 26.Be6+ Kh8 27.Rxd8+ Rxd8 28.Nxa6 g6 29.b4 Kg7
30.c4 bxc4 31.Bxc4 Rd4 32.Be2 e4 33.b5 e3 34.b6 Rd7 35.Nc5 Rd6 36.b7 Rb6
37.a4  1-0

[Event "SVK-ch"]
[Site "Martin"]
[Date "1996.??.??"]
[Round "8"]
[White "Kalisky, Vladimir"]
[Black "Szamos, Alexander"]
[Result "0-1"]
[WhiteElo "2270"]
[BlackElo "2145"]

1.e4 c5 2.Nf3 d6 3.d4 cxd4 4.Nxd4 Nf6 5.Nc3 a6 6.Be3 e6 7.Qd2 b5 8.f3 Bb7
9.O-O-O Be7 10.g4 Qc7 11.h4 Nc6 12.h5 h6 13.g5 hxg5 14.Bxg5 Nxd4 15.Qxd4 Nxh5
16.Bxe7 Kxe7 17.e5 dxe5 18.Qh4+ f6 19.Qg4 f5 20.Qg6 Bxf3 21.Be2 Bxe2 22.Nxe2 Rac8
23.c3 Rh6 24.Qg5+ Kf7 25.Rxh5 Rg6 26.Qh4 Qe7 27.Qh3 Rd8 28.Qf3 Rxd1+ 29.Kxd1 Qd7+
30.Kc1 Rg4 31.a3 a5 32.Qf2 b4 33.axb4 axb4 34.cxb4 Rxb4 35.Rh3 Qb7 36.Nc3 e4
37.Qe2 Kf6 38.Rh8 Qa7 39.Qe1 Qa1+  0-1

[Event "Wch U20"]
[Site "Medellin"]
[Date "1996.??.??"]
[Round "4"]
[White "Tirard, Hugo"]
[Black "Wu Wenjin"]
[Result "1-0"]
[WhiteElo "2395"]
[BlackElo "2230"]

1.e4 c5 2.Nf3 d6 3.d4 cxd4 4.Nxd4 Nf6 5.Nc3 a6 6.Be3 Ng4 7.Bg5 h6 8.Bh4 g5
9.Bg3 Bg7 10.Be2 Ne5 11.h4 Nbc6 12.Nb3 b5 13.hxg5 hxg5 14.Rxh8+ Bxh8 15.Qd2 Nc4
16.Qxg5 Nxb2 17.Qg8+ Kd7 18.Nc5+ Kc7 19.Nd5+ Kb8 20.Qxd8 Nxd8 21.Nxe7 Nd3+
22.cxd3 Bxa1 23.Bxd6+ Ka7 24.e5 Bb7 25.Kd2 Bxg2 26.Nb3 Bb2 27.Kc2 Bxe5 28.Bxe5 Ne6
29.Bh5 f6 30.Bc3 Rf8 31.Bg4 Nf4 32.Bd4+ Ka8 33.f3 Rf7 34.Bc5 Rg7 35.Bd6 Nh3
36.Bd7 Kb7 37.Na5+ Kb6 38.Nd5+ Ka7 39.Bc8  1-0

[Event "Wch U20"]
[Site "Medellin"]
[Date "1996.??.??"]
[Round "5"]
[White "Iordachescu, Viorel"]
[Black "Kalod, Radek"]
[Result "1-0"]
[WhiteElo "2460"]
[BlackElo "2380"]

1.e4 c5 2.Nf3 d6 3.d4 cxd4 4.Nxd4 Nf6 5.Nc3 a6 6.Be3 e6 7.g4 h6 8.h3 Nc6
9.Qd2 Qc7 10.O-O-O b5 11.Bg2 Bb7 12.f4 Rc8 13.Kb1 Be7 14.Rhe1 O-O 15.Qf2 Nd7
16.Nxc6 Qxc6 17.Bd4 Nc5 18.g5 b4 19.Nd5 exd5 20.exd5 Qd7 21.gxh6 g6 22.f5 Kh7
23.Bg7 Rg8 24.h4 Rce8 25.Bh3 g5 26.Qf3 g4 27.Bxg4 Bc8 28.Rg1 f6 29.Bh5 Qxf5
30.Bg6+ Qxg6 31.Rxg6 Kxg6 32.Rg1+ Kh7 33.Qh5  1-0

[Event "Wch U20 Girls"]
[Site "Medellin"]
[Date "1996.??.??"]
[Round "11"]
[White "Ptacnikova, Lenka"]
[Black "Krupkova, Petra"]
[Result "1-0"]
[WhiteElo "2210"]
[BlackElo "2325"]

1.e4 c5 2.Nf3 d6 3.d4 cxd4 4.Nxd4 Nf6 5.Nc3 a6 6.Be3 e6 7.f3 b5 8.Qd2 Nbd7
9.O-O-O Bb7 10.g4 Nb6 11.g5 Nfd7 12.h4 Rc8 13.Bd3 Ne5 14.b3 d5 15.Nce2 Nbc4
16.Bxc4 bxc4 17.f4 Ng4 18.Rhg1 Nxe3 19.Qxe3 Qa5 20.Kb1 dxe4 21.h5 cxb3 22.cxb3 h6
23.g6 Qxh5 24.f5 e5 25.gxf7+ Qxf7 26.Ne6 g5 27.Qb6 Qe7 28.f6 Qb4 29.f7+ Kxf7
30.Rgf1+ Kg8 31.Rxf8+  1-0

[Event "Wch U20 Girls"]
[Site "Medellin"]
[Date "1996.??.??"]
[Round "13"]
[White "Grabics, Monika"]
[Black "Ghate, Swati"]
[Result "1-0"]
[WhiteElo "2235"]
[BlackElo "2160"]

1.e4 c5 2.Nf3 d6 3.d4 cxd4 4.Nxd4 Nf6 5.Nc3 a6 6.Be3 e6 7.f4 Qc7 8.Qf3 b5
9.Bd3 Bb7 10.g4 Nc6 11.g5 Nd7 12.h4 Nc5 13.h5 Nb4 14.O-O g6 15.Nb3 Nxb3 16.axb3 e5
17.Rac1 Qd7 18.Rfd1 gxh5 19.f5  1-0

[Event "Meisdorf op"]
[Site "Meisdorf"]
[Date "1996.??.??"]
[Round "?"]
[White "Votava, Jan"]
[Black "Kersten, Uwe"]
[Result "1-0"]
[WhiteElo "2540"]
[BlackElo "2285"]

1.e4 c5 2.Nf3 d6 3.d4 cxd4 4.Nxd4 Nf6 5.Nc3 a6 6.Be3 e5 7.Nb3 Be7 8.f3 Be6
9.Nd5 Bxd5 10.exd5 O-O 11.Qd2 a5 12.a4 Nbd7 13.Bb5 Qc7 14.Rc1 Nc5 15.O-O Nh5
16.Rfd1 Rfd8 17.Qe1 f5 18.Nd2 Kh8 19.c3 g5 20.b4 Na6 21.Nc4 Rg8 22.Bb6 Qb8
23.Bd7 Qf8 24.b5 Nb8 25.Be6 Rg6 26.Qf1 Nf4 27.Be3 Bd8 28.Bc8 Qf7 29.g4 Nd7
30.Bxb7 Rb8 31.Bc6 e4 32.Bd4+ Kg8 33.gxf5 Qxf5 34.Ne3 Qf7 35.Bxd7 Qxd7 36.fxe4 Bf6
37.Nf5 Re8 38.Re1 Be5 39.Be3 Rf8 40.c4 Rgf6 41.Bxf4 gxf4 42.Kh1 Kh8 43.Qf3 Rg6
44.Rg1 Rxg1+ 45.Rxg1 Qc7 46.Qg2 f3 47.Qxf3 Qxc4 48.Nh6  1-0

[Event "Wch U12"]
[Site "Menorca"]
[Date "1996.??.??"]
[Round "4"]
[White "Perunovic, Milos"]
[Black "Paragua, Mark"]
[Result "1-0"]
[WhiteElo "2115"]
[BlackElo "2120"]

1.e4 c5 2.Nf3 d6 3.d4 cxd4 4.Nxd4 Nf6 5.Nc3 a6 6.Be3 e5 7.Nb3 Be6 8.Qd2 Be7
9.f3 O-O 10.O-O-O b5 11.g4 b4 12.Nd5 Bxd5 13.exd5 a5 14.Kb1 a4 15.Nc1 Ra5
16.Bc4 Qc7 17.b3 Nbd7 18.g5 Nh5 19.Nd3 axb3 20.cxb3 Nf4 21.Nxb4 Bxg5 22.Nc6 Ra3
23.h4 Bf6 24.Qb4 Rfa8 25.Rh2 Ng6 26.Bc1 R3a7 27.Nxa7 Rxa7  1-0

[Event "Wch U16"]
[Site "Menorca"]
[Date "1996.??.??"]
[Round "5"]
[White "Solak, Dragan"]
[Black "Ibrahimov, Rasul"]
[Result "1/2-1/2"]
[WhiteElo "2435"]
[BlackElo "2280"]

1.e4 c5 2.Nf3 d6 3.d4 cxd4 4.Nxd4 Nf6 5.Nc3 a6 6.Be3 e6 7.g4 h6 8.h3 Nc6
9.Qe2 Nxd4 10.Bxd4 e5 11.Be3 Be6 12.Bg2 Rc8 13.Nd5 Nxd5 14.exd5 Bd7 15.O-O-O Be7
16.Be4 O-O 17.Rdg1 Bg5 18.h4 Bxe3+ 19.Qxe3 f5 20.gxf5 Bxf5 21.Bxf5 Rxf5 22.Qxh6 Rc7
23.Qe6+ Rcf7 24.Rg6 Rf6 25.Rxf6 Qxf6 26.Rd1 Kh7 27.b3 Qh6+ 28.Kb1 Rxf2 29.Qe7 Qg6
30.Rc1 Rf7 31.Qe8 Rf6 32.Qc8 Qf7 33.Re1 Rh6 34.Qd8 Rf6 35.Kb2 Qh5 36.Re2 Qf7
37.a4 Rh6  1/2-1/2

[Event "Wch U18"]
[Site "Menorca"]
[Date "1996.??.??"]
[Round "5"]
[White "Krakops, Maris"]
[Black "Sadvakasov, Darmen"]
[Result "1/2-1/2"]
[WhiteElo "2440"]
[BlackElo "2360"]

1.e4 c5 2.Nf3 d6 3.d4 cxd4 4.Nxd4 Nf6 5.Nc3 a6 6.Be3 e5 7.Nb3 Be6 8.f3 h5
9.Qd2 Nbd7 10.O-O-O b5 11.Nd5 Nxd5 12.exd5 Bf5 13.Bd3 Bxd3 14.Qxd3 g6 15.f4 Bh6
16.Rde1 Kf8 17.Rhf1 Kg7 18.f5 Rc8 19.Kb1 Nf6 20.fxg6 fxg6 21.Nd4 exd4 22.Bxd4 Bg5
23.h4 Bxh4 24.Re4 Bg5 25.Qg3 Qc7 26.c3 Kh7 27.Bxf6 Bxf6 28.Rxf6 Rhg8 29.Ree6 Qg7
30.Qxd6 Rcd8 31.Qe5 Rde8 32.Qf4 Rgf8 33.a3 a5 34.Rxf8 Qxf8 35.Qc7+ Kh6 36.Rxe8 Qxe8
37.Qxa5 Qe4+ 38.Ka1 Qxd5 39.g3  1/2-1/2

[Event "Wch U18 Girls"]
[Site "Menorca"]
[Date "1996.??.??"]
[Round "7"]
[White "Lakos, Nikoletta"]
[Black "Blazkova, Petra"]
[Result "0-1"]
[WhiteElo "2280"]
[BlackElo "2215"]

1.e4 c5 2.Nf3 d6 3.d4 cxd4 4.Nxd4 Nf6 5.Nc3 a6 6.Be3 e6 7.Qd2 b5 8.f3 Bb7
9.O-O-O Nbd7 10.g4 Nb6 11.Bd3 Nfd7 12.Kb1 Ne5 13.Qf2 Nec4 14.Bc1 Rc8 15.h4 d5
16.Bxc4 Rxc4 17.Be3 Na4 18.Nxa4 bxa4 19.b3 Rc8 20.exd5 Qxd5 21.Nxe6 Qxe6
22.Rhe1 axb3 23.Bb6 bxc2+ 24.Qxc2 Rxc2 25.Rxe6+ fxe6  0-1

[Event "Wch U18"]
[Site "Menorca"]
[Date "1996.??.??"]
[Round "9"]
[White "Kasimdzhanov, Rustam"]
[Black "Sadvakasov, Darmen"]
[Result "0-1"]
[WhiteElo "2435"]
[BlackElo "2360"]

1.e4 c5 2.Nf3 d6 3.Nc3 Nf6 4.d4 cxd4 5.Nxd4 a6 6.Be3 e5 7.Nb3 Be6 8.Qd2 Nbd7
9.f3 h5 10.O-O-O b5 11.Nd5 Nxd5 12.exd5 Bf5 13.Bd3 Bxd3 14.Qxd3 g6 15.f4 Bh6
16.Rde1 O-O 17.f5 Bxe3+ 18.Rxe3 Qg5 19.Rf1 Nf6 20.h4 Qh6 21.Kb1 Rac8 22.Rg3 Kg7
23.Na5 Rc5 24.fxg6 fxg6 25.Nc6 Rxd5 26.Qf5 Kh7 27.Qe6 Ne4 28.Rf7+ Rxf7 29.Qxf7+ Qg7
30.Qxd5 Nxg3 31.Qxd6 Nf5 32.Qe6 Nxh4 33.Nxe5 Nxg2 34.Nf3 Qf8 35.Qd7+ Kh6
36.Qd2+ Nf4 37.a3 Qf6 38.Qe3 h4 39.Ne5 Qf5 40.Nd3 g5 41.Nf2 Qe6 42.Qf3  0-1

[Event "Mondariz op"]
[Site "Mondariz"]
[Date "1996.??.??"]
[Round "?"]
[White "Garbisu, Unai"]
[Black "Roeder, Mathias"]
[Result "1/2-1/2"]
[WhiteElo "2295"]
[BlackElo "2435"]

1.e4 c5 2.Nf3 d6 3.d4 cxd4 4.Nxd4 Nf6 5.Nc3 a6 6.Be3 e5 7.Nf3 Qc7 8.a4 Be7
9.a5 O-O 10.Be2 Nc6 11.Bb6 Qd7 12.Nd2 d5 13.exd5 Nxd5 14.Nxd5 Qxd5 15.O-O Be6
16.Nc4 Qe4 17.Bd3 Qh4 18.Re1  1/2-1/2

[Event "Moscow GM1"]
[Site "Moscow"]
[Date "1996.??.??"]
[Round "?"]
[White "Zaitsev, Igor A"]
[Black "Guliev, Logman"]
[Result "1/2-1/2"]
[WhiteElo "2460"]
[BlackElo "2350"]

1.e4 c5 2.Nf3 d6 3.d4 cxd4 4.Nxd4 Nf6 5.Nc3 a6 6.Be3 e6 7.a4 Be7 8.Be2 O-O
9.O-O Nc6 10.f4 Qc7 11.Kh1 Bd7 12.Qe1 Nxd4 13.Bxd4 Bc6 14.Qg3 b5 15.axb5 axb5
16.Rxa8 Rxa8 17.e5 dxe5 18.fxe5 Ne4 19.Qf3 Ng5 20.Qf2 b4 21.h4 bxc3 22.hxg5 Bxg5
23.Bxc3  1/2-1/2

[Event "RUS-Cup2"]
[Site "Moscow"]
[Date "1996.??.??"]
[Round "1"]
[White "Nekrasova, Elena"]
[Black "Minasian, Ara"]
[Result "0-1"]
[WhiteElo "2085"]
[BlackElo "2425"]

1.e4 c5 2.Nf3 d6 3.d4 cxd4 4.Nxd4 Nf6 5.Nc3 a6 6.Be3 Ng4 7.Bg5 h6 8.Bh4 g5
9.Bg3 Bg7 10.Be2 h5 11.h4 gxh4 12.Bxh4 Nc6 13.Nf3 Be6 14.Ng5 Qb6 15.Nxe6 fxe6
16.Bxg4 hxg4 17.Qxg4 Bxc3+ 18.bxc3 Kd7 19.Kd2 Ne5 20.Qg5 Rxh4 21.Qxh4 Rf8
22.Rhf1 Rf3 23.Rab1 Nc4+ 24.Kd1 Qxb1+ 25.Ke2 Qxc2+ 26.Kxf3 Qd3+  0-1

[Event "Moscow-ch"]
[Site "Moscow"]
[Date "1996.??.??"]
[Round "1"]
[White "Moizhess, Igor"]
[Black "Dubinsky, Roman"]
[Result "0-1"]
[WhiteElo "2410"]
[BlackElo "2210"]

1.e4 c5 2.Nf3 d6 3.d4 Nf6 4.Nc3 cxd4 5.Nxd4 a6 6.Be3 Ng4 7.Bc4 Nxe3 8.fxe3 e6
9.O-O Be7 10.Qh5 O-O 11.Rf3 Nc6 12.Rh3 h6 13.Nxc6 bxc6 14.Rf1 Bg5 15.Rg3 Rb8
16.e5 d5 17.Bd3 Rb4 18.e4 d4 19.Nd1 Qa5 20.Rgf3 Qc7 21.h4 Bd2 22.c3 dxc3
23.bxc3 Ra4 24.R1f2 Bc1 25.Rc2 g6 26.Qg4 h5 27.Qg3 Bh6 28.Nb2 Rxa2 29.Nc4 Rxc2
30.Bxc2 a5 31.Qf2 c5 32.Ba4 Bg7 33.Qg3 Bd7 34.Bxd7 Qxd7 35.Nd6 a4 36.c4 Qc7
37.Ra3 Qa5 38.Qf4 Qe1+ 39.Kh2 Qd1 40.Rf3 a3  0-1

[Event "Moscow-ch"]
[Site "Moscow"]
[Date "1996.??.??"]
[Round "2"]
[White "Mozaliov, SV."]
[Black "Bereslavsky, Mikhail"]
[Result "1-0"]
[WhiteElo "2300"]
[BlackElo "2185"]

1.e4 c5 2.Nf3 d6 3.d4 cxd4 4.Nxd4 Nf6 5.Nc3 a6 6.Be3 e5 7.Nb3 Be6 8.f3 Be7
9.Qd2 Nbd7 10.g4 Nb6 11.g5 Nfd7 12.O-O-O Qc7 13.h4 O-O-O 14.Kb1 Kb8 15.Nd5 Bxd5
16.exd5 Rc8 17.Rc1 Nc4 18.Bxc4 Qxc4 19.Na5 Qc7 20.c4 f5 21.gxf6 Bxf6 22.b4 Be7
23.Bf2 Bd8 24.Rc3 Nf6 25.Rhc1 Qf7 26.Qe3 b6 27.Nc6+ Rxc6 28.dxc6 e4 29.Bg3 Qe6
30.Rd1 Ne8 31.fxe4 Rg8 32.c5 bxc5 33.bxc5 Bc7 34.cxd6 Nxd6 35.Bxd6 Bxd6 36.Qb6+ Kc8
37.Qb7+  1-0

[Event "Moscow Alekhine op"]
[Site "Moscow"]
[Date "1996.??.??"]
[Round "3"]
[White "Gorjatchev, Victor"]
[Black "Vaulin, Alexander"]
[Result "1/2-1/2"]
[WhiteElo "2355"]
[BlackElo "2480"]

1.e4 c5 2.Nf3 d6 3.d4 cxd4 4.Nxd4 Nf6 5.Nc3 a6 6.Be3 e5 7.Nb3 Be7 8.f3 Be6
9.Qd2 O-O 10.O-O-O b5 11.g4 b4 12.Na4 Nbd7 13.g5 Nh5 14.Kb1 Rb8 15.Nc1 Qc7
16.b3 a5 17.Rg1 Rfd8 18.Rg2 Nc5 19.Nxc5 dxc5 20.Qe1 Nf4 21.Bxf4 exf4 22.h4 Bd6
23.Rgd2 Be5 24.Rxd8+ Rxd8 25.Rxd8+ Qxd8 26.Nd3 Qd4 27.Nxe5 Qxe5 28.Qd2 h6
29.gxh6 g6 30.Qd8+ Kh7 31.Qxa5 Qh5 32.Bd3 Qxf3 33.Qxc5 Qh1+ 34.Kb2 Qxh4 35.Qxb4  1/2-1/2

[Event "Moscow Alekhine op"]
[Site "Moscow"]
[Date "1996.??.??"]
[Round "3"]
[White "Vorobiov, Evgeny E"]
[Black "Kunin, Vitaly L"]
[Result "1-0"]
[WhiteElo "2320"]
[BlackElo "2040"]

1.e4 c5 2.Nf3 d6 3.d4 cxd4 4.Nxd4 Nf6 5.Nc3 a6 6.Be3 e5 7.Nb3 Be6 8.f3 Be7
9.Qd2 Nbd7 10.g4 h6 11.O-O-O Nb6 12.h4 Nfd7 13.Na5 Qc7 14.Kb1 Rc8 15.Be2 Nc5
16.g5 Nca4 17.Nxa4 Nxa4 18.Nb3 d5 19.exd5 Bxd5 20.gxh6 gxh6 21.Rhg1 Be6 22.Bd3 h5
23.Bg5 Bc5 24.Bf6 Bxg1 25.Bxh8 Bc5 26.Qg5 Be7 27.Qxh5 Bd6 28.Qg5 Nc5 29.Nxc5 Qxc5
30.Be4 b5 31.h5 Qc4 32.b3 Qc5 33.h6 f5 34.Bxf5 Be7 35.Bg6+ Kf8 36.Bg7+ Kg8
37.Bf6 e4 38.h7+  1-0